Barbershop Haircut Quiz - Statistics

General Stats
  • This quiz has been taken 16 times
  • The average score is 17 of 32
Answer Stats
Answer % Correct
Line 1 A
100%
a
100%
😱 A
100%
😱 a
100%
Line 4 A
100%
😱 barbershop
100%
😱 cost
78%
😱 haircut
78%
😱 that
78%
own
67%
😱 quarter
67%
very
67%
Line 2 My
56%
with
56%
for
44%
reporter
44%
the
44%
chain
33%
gold
33%
indoor
33%
solid
33%
star
33%
to
33%
twirl
33%
watch
33%
an
22%
and
22%
beat
22%
bed
22%
it
22%
regular
22%
terlet
11%
No matching quizzes found
Score Distribution
Percent of People with Each Score
Percentile by Number Answered
Your Score History
You have not taken this quiz